Statistics for Connecticut Counties Quiz

Click here to take the quiz!

General Stats

  • This quiz has been taken 1,233 times
  • The average score is 6 of 8

Answer Stats

Biggest City County % Correct
HartfordHartford
94%
New HavenNew Haven
88%
BridgeportFairfield
73%
WindhamWindham
69%
TorringtonLitchfield
68%
MiddletownMiddlesex
67%
NorwichNew London
66%
VernonTolland
59%

Score Distribution

Percentile by Number Answered

Percent of People with Each Score

Your Score History

You have not taken this quiz